000 00311nam a2200097Ia 4500
082 _a790.1 HORO
245 0 _aInternational games : building skills through multicultural play
100 _a Horowitz, Gayle L, 1971- Champaign,, [c.2009]
_976183
942 _cBK
008 210817s9999 xx 000 0 und d
999 _c252896
_d252895